| 000 | 01094nam0a22002651 4500 | ||
|---|---|---|---|
| 001 | rc\4828980 | ||
| 005 | 20130426141131.9 | ||
| 035 | _a(NLR Aleph) 008804549 | ||
| 090 |
_a8123039 _c8123039 |
||
| 100 | _a20130426d1957 |||y0rusy50 ca | ||
| 101 | 0 | _arus | |
| 102 | _aRU | ||
| 105 | _aa z ||||| | ||
| 200 | 1 |
_aПыленепроницаемая вентилируемая кабина вагон-весов _eДоклад на Всесоюз. совещании доменщиков и агломератчиков. Днепропетровск, 1957 _fБ.Л. Таврог и Н.К. Бороденчик _gМ-во черн. металлургии СССР. Науч.-техн. о-во черн. металлургии |
|
| 210 |
_aМосква _cБ. и. _d[1957] |
||
| 215 |
_a4 с. _cчерт. _d26 |
||
| 300 | _aБез тит. л. и обл. | ||
| 333 | _aНа правах рукописи | ||
| 700 | 1 |
_aТаврог _bБ. Л. |
|
| 701 | 1 |
_aБороденчик _bН. К. |
|
| 801 | 0 |
_aRU _bNLR _gpsbo |
|
| 801 | 1 |
_aRU _bELAR _2rusmarc |
|
| 852 |
_aNLR _j57-7/1278 |
||
| 942 | _cBOOK | ||
| 980 | _aNB | ||